Countries with current possession of weapons of mass destruction - Statistics

General Stats
  • This quiz has been taken 18 times
  • The average score is 16 of 18
Answer Stats
Hint Answer % Correct
Nuclear India
100%
Nuclear (Shared) Italy
100%
Biological Chemical Nuclear North Korea
100%
Nuclear Pakistan
100%
Nuclear United Kingdom
100%
Biological (Potential) Nuclear China
93%
Nuclear France
93%
Nuclear (Developing) Iran
93%
Biological (Potential) Chemical (Potential) Nuclear (Potential) Israel
93%
Biological Chemical Nuclear Russia
93%
Chemical Nuclear (Possible) Syria
93%
Nuclear United States
93%
Chemical Egypt
86%
Nuclear (Sharing) Germany
86%
Nuclear (Potential) Saudi Arabia
86%
Nuclear (Sharing) Netherlands
64%
Chemical (Potential) Nuclear (Potential) Myanmar
57%
Biological (Potential) Taiwan
50%
No matching quizzes found
Score Distribution
Percent of People with Each Score
Percentile by Number Answered
Your Score History
You have not taken this quiz